| 000 | 00994nam a2200229Ia 4500 | ||
|---|---|---|---|
| 001 | 8834 | ||
| 003 | GE_BSU | ||
| 008 | 181216s||||||||xx |||||||||||||| ||und|| | ||
| 040 | _cGE_BSU | ||
| 080 | _a821.353.1-1+821.353.1-11+821.353.1-32 | ||
| 100 | _aვაჟა–ფშაველა | ||
| 245 | _aთხზულებანი. ლექსები,პოემები,მოთხრობები,პიესები | ||
| 245 | _cრედ. ირაკლი აბაშიძე,მხატვ. ლადო გრიგოლია | ||
| 260 | _aთბილისი | ||
| 260 | _bსაბჭ.მწერალი | ||
| 260 | _c1960 | ||
| 300 | _a894გვ.21სმ. | ||
| 300 | _eშენიშვნები ლექსიკონი ანბანური საძ. გვ.887-894 | ||
| 653 | _aთხზულებანი. ლექსები | ||
| 653 | _aპოემები,მოთხრობები,პიესები | ||
| 942 | _cBK | ||
| 999 |
_c42142 _d42142 |
||